Places To Study
There are group study rooms, individual study carrels, computer labs, and other spaces to study in the Libraries.
Reserve A Group Room| 000 -LEADER | |
|---|---|
| fixed length control field | 02042nam a22002177a 4500 |
| 003 - CONTROL NUMBER IDENTIFIER | |
| control field | OSt |
| 005 - DATE AND TIME OF LATEST TRANSACTION | |
| control field | 20251113152910.0 |
| 008 - FIXED-LENGTH DATA ELEMENTS--GENERAL INFORMATION | |
| fixed length control field | 251113b |||||||| |||| 00| 0 eng d |
| 040 ## - CATALOGING SOURCE | |
| Transcribing agency | DCL |
| 082 ## - DEWEY DECIMAL CLASSIFICATION NUMBER | |
| Classification number | T-4 B.A |
| 100 ## - MAIN ENTRY--PERSONAL NAME | |
| Personal name | ဂုဏာစာရ၊ |
| Titles and words associated with a name | အရှင် |
| Numeration | စ. စ. ရ-၂၀ |
| 245 ## - TITLE STATEMENT | |
| Title | မဟာဗုဒ္ဓဝင် ပဌမတွဲ (ပဌမပိုင်း) အနုဒီပနီ လေ့လာသုံးသပ်ခြင်း (စာမျက်နှာ ဓိ မှ လိအထိ) / |
| Statement of responsibility, etc. | အရှင်ဂုဏာစာရ။ |
| 264 ## - PRODUCTION, PUBLICATION, DISTRIBUTION, MANUFACTURE, AND COPYRIGHT NOTICE | |
| Place of production, publication, distribution, manufacture | ရန်ကုန ၊ |
| Name of producer, publisher, distributor, manufacturer | နိုင်ငံတော် ပရိယတ္တိသာသနာ့တက္ကသိုလ်(ရန်ကုန်)၊ |
| Date of production, publication, distribution, manufacture, or copyright notice | ၂၀၀၆။ |
| 300 ## - PHYSICAL DESCRIPTION | |
| Extent | ဈ၊ ၆၉ စာမျက်နှာ ၊ |
| Dimensions | ၃၀ စင်တီ။ |
| 500 ## - GENERAL NOTE | |
| General note | နိုင်ငံတော် ပရိယတ္တိသာသနာ့တက္ကသိုလ်(ရန်ကုန်)၊ သာသနတက္ကသီလာ ဓမ္မာစရိယ B.A (Buddhism) ဘွဲ့အတွက် တင်သွင်းသောစာတမ်း ဖြစ်ပါသည်။ |
| 500 ## - GENERAL NOTE | |
| General note | ကျမ်းကိုးစာရင်းပါဝင်သည်။ |
| 502 ## - DISSERTATION NOTE | |
| Dissertation note | ဤစာစုစာရင်းတွင် အပိုင်း(၄) ပိုင်းခွဲကာတင်ပြထားသည်။ အပိုင်း(၁) တွင် အကြောင်းအရာအကျဉ်းနှင့်ရည်ရွယ်ချက်၊ အပိုင်း(၂) တွင် သီလပါရမီခန်းကိုလေ့လာခြင်း၊ အပိုင်း(၃) တွင် ဝိရိယ ပါရမီခန်း ၊ အပိုင်း(၄) တွင် အရေးအသားလေ့လာပုံကိုတင်ပြခြင်း ဟူ၍ ဖြစ်သည်။ |
| 650 ## - SUBJECT ADDED ENTRY--TOPICAL TERM | |
| Topical term or geographic name entry element | B.A (Buddhism) |
| 650 ## - SUBJECT ADDED ENTRY--TOPICAL TERM | |
| Topical term or geographic name entry element | မဟာဗုဒ္ဓဝင် |
| 942 ## - ADDED ENTRY ELEMENTS (KOHA) | |
| Source of classification or shelving scheme | Dewey Decimal Classification |
| Koha item type | Thesis |
| Suppress in OPAC | No |
| Withdrawn status | Lost status | Source of classification or shelving scheme | Damaged status | Not for loan | Collection | Accession No. | Home library | Current library | Shelving location | Date acquired | Total checkouts | Full call number | Barcode | Date last seen | Price effective from | Koha item type |
|---|---|---|---|---|---|---|---|---|---|---|---|---|---|---|---|---|
| Dewey Decimal Classification | Not For Loan | Reference Collection | T-4 | Dhammadhara | Dhammadhara | Reference Shelves | 13/11/2025 | T-4 B.A | T-4 B.A | 13/11/2025 | 13/11/2025 | Thesis |